Normal view
MARC view
Entry Topical Term
001 - CONTROL NUMBER
- control field: 25857
003 - CONTROL NUMBER IDENTIFIER
- control field: ARRUPE
005 - DATE AND TIME OF LATEST TRANSACTION
- control field: 20160914151234.0
008 - FIXED-LENGTH DATA ELEMENTS
- fixed length control field: 160914|| aca||aabn | a|a d
040 ## - CATALOGING SOURCE
- Original cataloging agency: ARRUPE
- Transcribing agency: ARRUPE
150 ## - HEADING--TOPICAL TERM
- Topical term or geographic name as entry element: Missions
- Geographic subdivision: Mozambique
- Geographic subdivision: Zambézia.
670 ## - SOURCE DATA FOUND
- Source citation: Work cat.: (ARRUPE)0: Schebesta, Paul, 1887-1967. 17638, Portugals Konquistamission in Südost-Afrika;, [1966].